000 00984cam a22003017a 4500
003 CHAP
005 20220329143748.0
008 110725s1992 us a r 00010 eng d
010 _a101593
011 _a102565
020 _a9780262111706
035 _a113254
040 _cCHAP
082 1 0 _a006.3
_bK84
100 1 _aKoza, John R.
_963820
245 1 3 _aGenetic programming :
_bon the programming of computers by means of natural selection
_c/por John R. Koza
260 _aCambridge, Mass. :
_bThe MIT Press ,
_c1992
300 _axiv, 819 p.
_bilus.
590 _aBATCH-UPD
_b10
_c20130110
_lUCH01
_h1859
590 _aBATCH-UPD
_b10
_c20130410
_lUCH01
_h1227
590 _aBATCH-UPD
_b10
_c20130914
_lUCH01
_h0816
590 _aCONVERSION
_b10
_c20130109
_lUCH01
_h1356
650 1 4 _aCalculadoras electrónicas.
_917344
650 1 4 _aComputadoras.
_926129
901 _aBK
942 _cLIBRO
949 _a006.3 K84
_bBC
_cLIBRO
_d33724002245090
_eLIBRO
_gI.258530
_h115322
_i113254
_sb
999 _c101593
_d101593